Rational Sex Ethics : (Record no. 611906)

MARC details
000 -LEADER
fixed length control field 00529nam a2200193 a 4500
008 - FIXED-LENGTH DATA ELEMENTS--GENERAL INFORMATION
fixed length control field 260211s1989##################000#0#eng##
020 ## - INTERNATIONAL STANDARD BOOK NUMBER
ISBN 9780820408576
082 04 - DEWEY DECIMAL CLASSIFICATION NUMBER
Classification number 306.7
Item number ARD
100 1# - MAIN ENTRY--AUTHOR NAME
Personal name Ard, Ben N.,
245 10 - TITLE STATEMENT
Title Rational Sex Ethics :
260 ## - PUBLICATION, DISTRIBUTION, ETC. (IMPRINT)
Name of publisher Peter Lang Incorporated, International Academic Publishers,
Year of publication 1989.
300 ## - PHYSICAL DESCRIPTION
Number of Pages 256 pages
650 #0 - SUBJECT ADDED ENTRY--TOPICAL TERM
Topical Term Philosophy.
942 ## - ADDED ENTRY ELEMENTS (KOHA)
Koha item type English Books
Holdings
Withdrawn status Lost status Damaged status Not for loan Home library Current library Shelving location Date acquired Full call number Accession Number Price effective from Koha item type
        Anna Centenary Library Anna Centenary Library 3RD FLOOR, B WING 11.02.2026 306.7 ARD 219927 11.02.2026 English Books

Find us on the map